Elijah: (Record no. 11250)

MARC details
000 -LEADER
fixed length control field 00627nam a2200241 a 4500
001 - CONTROL NUMBER
control field 0001-1250
003 - CONTROL NUMBER IDENTIFIER
control field ELIB.Books
008 - FIXED-LENGTH DATA ELEMENTS--GENERAL INFORMATION
fixed length control field 150605 2010 eng
020 ## - INTERNATIONAL STANDARD BOOK NUMBER
International Standard Book Number 9780849913865
035 ## - SYSTEM CONTROL NUMBER
System control number (ELIB.Books)0001-1405
092 ## - LOCALLY ASSIGNED DEWEY CALL NUMBER (OCLC)
Classification number 224
Item number Swi
100 ## - MAIN ENTRY--PERSONAL NAME
Personal name Swindoll, Charles R.
245 ## - TITLE STATEMENT
Title Elijah:
Remainder of title The Man of Herorism and Humility
260 ## - PUBLICATION, DISTRIBUTION, ETC. (IMPRINT)
Place of publication, distribution, etc. Nashville
Name of publisher, distributor, etc. Thomas Nelson
Date of publication, distribution, etc. 2000
300 ## - PHYSICAL DESCRIPTION
Extent 179
Dimensions 21.5 Cm
500 ## - GENERAL NOTE
General note Library
650 ## - SUBJECT ADDED ENTRY--TOPICAL TERM
Topical term or geographic name as entry element Old Testament ( Prophet)
856 ## - ELECTRONIC LOCATION AND ACCESS
Name of location of host KBTS: Library
Uniform Resource Identifier <a href="KBTS: Elib">KBTS: Elib</a>
942 ## - ADDED ENTRY ELEMENTS (KOHA)
Source of classification or shelving scheme Dewey Decimal Classification
Koha item type Books
990 ## - EQUIVALENCES OR CROSS-REFERENCES [LOCAL, CANADA]
Link information for 9XX fields 1
998 ## - LOCAL CONTROL INFORMATION (RLIN)
Cataloger's initials, CIN (RLIN) bat
-- 2015-06-05
Holdings
Withdrawn status Lost status Source of classification or shelving scheme Damaged status Not for loan Home library Current library Date acquired Total Checkouts Barcode Date last seen Bill Date Koha item type
    Dewey Decimal Classification     Karen Baptist Theological Seminary Library Karen Baptist Theological Seminary Library 05/06/2015   15388 22/01/2022 22/01/2022 Books
Implemented & Customized by: BestBookBuddies

Powered by Koha